| 000 | 00825nam a2200217 a 4500 | ||
|---|---|---|---|
| 001 | 12798 | ||
| 003 | BD-JhCC | ||
| 005 | 20230513110041.0 | ||
| 008 | 230513s2012 b a|||| |||| 000 0 be d | ||
| 020 | _a9847030701995 | ||
| 035 | _a(BD-JhCC)12798 | ||
| 040 |
_aBD-JhCC _dBD-JhCC |
||
| 041 | _aeng | ||
| 082 |
_a500 _bALA 2012 |
||
| 100 | _aআলম, প্রফেসর আশরাফুল | ||
| 245 |
_aশিশু-কিশোরদের বিজ্ঞান জ্ঞান বিজ্ঞানের বিশ্বকোষ / _cপ্রফেসর আশরাফুল আলম |
||
| 260 |
_aঢাকা : _bশব্দশিল্প, _c২০১২ |
||
| 300 |
_a১৫৭ পৃ. : _bচিত্রাবলী সংযোজিত, _c২১ সেমি. |
||
| 650 | _aScience | ||
| 942 |
_2ddc _cBK |
||
| 999 |
_c12798 _d12798 |
||